000 01088cam a22003017i 4500
001 18577788
003 ARRUPE
005 20160415104330.0
008 150416s2015 orua b 001 0 eng d
010 _a 2015301421
020 _a1625647573
020 _a9781625647573 (paperback)
035 _a(OCoLC)ocn900012571
040 _aYDXCP
_beng
_erda
_cYDXCP
_dBTCTA
_dOCLCQ
_dCBC
_dBTA
_dDLC
042 _alccopycat
050 0 0 _aBT40
_b.M19 2015
100 1 _aMachuga, Ric.
_921046
245 1 0 _aThree theological mistakes :
_bhow to correct enlightenment assumptions about God, miracles, and free will /
_cRic Machuga.
260 _aCambridge
_bJames Clarke and Co.
_c2014
300 _axviii, 275 pages ;
_c23 cm
504 _aIncludes bibliographical references (pages 263-270) and index.
650 0 _aPhilosophical theology.
_923906
650 0 _aPhilosophy and religion.
_923907
650 0 _aReligion and science.
_923908
906 _a7
_bcbc
_ccopycat
_d2
_encip
_f20
_gy-gencatlg
942 _2lcc
_cMONOGRAPH
999 _c124639
_d124639